Top 10 najmocniejszych uścisków szczęki wśród zwierząt - Statystyki

Ogólne statystyki
  • Ten quiz został rozwiązany 111 razy
  • Średni wynik to 6 z 10
Statystyki odpowiedzi
Miejsce Zwierzę Wskaźnik PSI % Poprawnych
1 Krokodyl nilowy 5000
88%
2 Krokodyl słonowodny 3700
88%
4 Hipopotam 1800
74%
6 Rekin 1350
72%
3 Aligator amerykański 2125
54%
10 Hiena 1100
47%
9 Niedźwiedź grizzly 1160
44%
8 Niedźwiedź polarny 1200
44%
5 Jaguar 1500
30%
7 Goryl 1300
17%
Nie znaleziono quizów pasujących do podanych kryteriów
Rozkład punktacji
Procent ludzi z każdym wynikiem
Percentyl według liczby udzielonych odpowiedzi
Twoja historia wyników
Nie rozwiązałeś tego quizu